Business structures : (Record no. 345187)
[ view plain ]
| 000 -LEADER | |
|---|---|
| fixed length control field | 03174 a2200229 4500 |
| 020 ## - INTERNATIONAL STANDARD BOOK NUMBER | |
| International Standard Book Number | 1599181363 |
| 020 ## - INTERNATIONAL STANDARD BOOK NUMBER | |
| International Standard Book Number | 9781599181363 |
| 082 04 - DEWEY DECIMAL CLASSIFICATION NUMBER | |
| Classification number | 346.73065 |
| 090 ## - LOCALLY ASSIGNED LC-TYPE CALL NUMBER (OCLC); LOCAL CALL NUMBER (RLIN) | |
| -- | 2696 |
| -- | 2696 |
| 100 1# - MAIN ENTRY--PERSONAL NAME | |
| Personal name | Spadaccini, Michael. |
| 245 10 - TITLE STATEMENT | |
| Title | Business structures : |
| Remainder of title | forming a corporation, llc, partnership, or sole proprietorship / |
| Statement of responsibility, etc. | Michael Spadaccini. |
| 250 ## - EDITION STATEMENT | |
| Edition statement | 1st ed. |
| 260 ## - PUBLICATION, DISTRIBUTION, ETC. | |
| Place of publication, distribution, etc. | [S.l.] : |
| Name of publisher, distributor, etc. | Entrepreneur Press, |
| Date of publication, distribution, etc. | 2007. |
| 300 ## - PHYSICAL DESCRIPTION | |
| Extent | 304 p. ; |
| Dimensions | 23 cm. |
| 490 1# - SERIES STATEMENT | |
| Series statement | Entrepreneur magazine's legal guide. |
| 500 ## - GENERAL NOTE | |
| General note | Paperback. |
| 520 ## - SUMMARY, ETC. | |
| Summary, etc. | Choose the Optimal Business Structure Corporation, LLC, partnership, sole proprietorship…what's the difference, and which one is best for you? Experienced corporate attorney Michael Spadaccini answers those questions and provides all the tools you need to select, plan, organize, form, operate and maintain a business. Real-world scenarios help you analyze your business and evaluate the pros and cons of each business type. A complete reference section compares and contrasts the legal requirements, filing fees, taxation requirements and maintenance requirements for all 50 states. Spadaccini goes beyond choosing a structure to offer formation guidelines and maintenance requirements, ensuring your business' success. Spadaccini covers: Seven steps to forming a partnership 13 steps to incorporation 10 steps to organizing an LLC Costs and features of each business type State-specific information on staying in compliance with statutes in all 50 states Maintaining liability protection Selecting the appropriate structure can spell the difference between success and failure. Structure your venture for success with this professional guidance. Sample Documents on CD-ROM! Partnership Forms Sample General Partnership Agreement Partner Ledger Minutes of Partnership Meeting Action by Written Consent of Partners LLC Forms California LLC Articles of Organization Operating Agreements for Member-Managed LLC Membership Ledger Investment Representation Letter Call for Meeting of Members Resolution Authorizing Manager to Transfer Property Notice of Year-End Distribution Corporation Forms Sample Articles of Incorporation Sample Corporate Bylaws Share Transfer Ledger Call for Special Meeting of Shareholders Minutes of Annual or Special Meeting of Shareholders Action by Written Consent of Shareholders Call for Special Meeting of Directors Sample Plan of Merger Sample Certificate of Dissolution Sample Stock Subscription Agreement For 30 years, Entrepreneur has provided the most trusted business advice available to business owners. Our legal guides continue that tradition by offering current and cost-effective legal advice so you can resolve the business and legal issues you face on a daily basis. We also help you identify when it's in your best interest to seek the personalized advice and services of a practicing lawyer |
| 830 ## - SERIES ADDED ENTRY--UNIFORM TITLE | |
| Uniform title | Entrepreneur magazine's legal guide |
| 856 ## - ELECTRONIC LOCATION AND ACCESS | |
| Materials specified | Amazon.com |
| Uniform Resource Identifier | <a href="http://www.amazon.com/exec/obidos/ASIN/1599181363/chopaconline-2">http://www.amazon.com/exec/obidos/ASIN/1599181363/chopaconline-2</a> |
| 856 ## - ELECTRONIC LOCATION AND ACCESS | |
| Materials specified | Amazon customer reviews |
| Uniform Resource Identifier | <a href="http://www.chopac.org/cgi-bin/tools/azrev.pl?q=159918136">http://www.chopac.org/cgi-bin/tools/azrev.pl?q=159918136</a> |
| 942 ## - ADDED ENTRY ELEMENTS (KOHA) | |
| Institution code [OBSOLETE] | NBS |
| Koha item type | Book |
| Call number prefix | 346.73065 SAP |
| Withdrawn status | Lost status | Damaged status | Not for loan | Permanent Location | Current Location | Date acquired | Total Checkouts | Total Renewals | Full call number | Barcode | Date last seen | Date last checked out | Price effective from | Koha item type |
|---|---|---|---|---|---|---|---|---|---|---|---|---|---|---|
| NUST Law School (NLS) | NUST Law School (NLS) | 08/28/2013 | 2 | 1 | 346.73065 SAP | NBS8209 | 01/28/2019 | 12/18/2018 | 08/28/2013 | Book |
